The clearing house

"A journal for middle schools, junior and senior high schools."

Detalles Bibliográficos
Título anterior:Junior-senior high school clearing house
Formato: Electrónico Revista
Lenguaje:inglés
Publicado: Menasha, Wis. : Inor Pub. Co., 1936-
Materias:
Acceso en línea:Full text available from Research Library: 11/01/1991 to 11/30/2010

MARC

LEADER 00000nas a2200000 a 4500
001 ssj0011994
003 WaSeSS
005 20200512172242.0
006 m d
007 cr n
008 050614c19369999dcubr pss 0 a0eng c
010 |a  2007215762 
015 |a GBB600415  |2 bnb 
016 7 |a 016008796  |2 Uk 
022 |a 1939-912X  |l 0009-8655  |y 0009-8655 
035 |a (WaSeSS)ssj0011994 
037 |b Heldref Publictions, 1319 Eighteenth St., N.W., Washington, DC 20036-1806 
040 |a OCLCS  |b eng  |e pn  |c OCLCS  |d NSD  |d OCLCQ  |d EYM  |d AZU  |d HUL  |d OCLCQ  |d UKMGB  |d OCLCQ  |d COO  |d OCLCO  |d VT2  |d OCLCF  |d OCLCO  |d OCLCQ  |d OCLCO  |d ELW  |d OCLCO  |d NLE  |d DLC  |d AU@  |d WaSeSS 
042 |a pcc  |a nsdp 
050 0 0 |a L11 
082 1 0 |a 373  |2 14 
130 0 |a Clearing house (Menasha, Wis. : Online) 
222 4 |a The clearing house (Menasha, Wis. Online) 
245 1 4 |a The clearing house  |h [electronic resource]. 
260 |a Menasha, Wis. :  |b Inor Pub. Co.,  |c 1936- 
310 |a Bimonthly,  |b Sept./Oct. 1990- 
321 |a Monthly (Sept. through May),  |b Sept. 1936-May 1990 
362 0 |a Vol. 11, issue 1 (Sept. 1936)- 
500 |a Title from issue table of contents page (JSTOR, viewed Feb. 3, 2010). 
504 |a Includes section "Book reviews." 
506 |a License restrictions may limit access. 
520 |a "A journal for middle schools, junior and senior high schools." 
538 |a Mode of access: World Wide Web. 
588 |a Latest issue consulted: Vol. 84, issue 6 (2011) (Taylor & Francis Online, viewed Apr. 25, 2018). 
650 0 |a Education  |v Periodicals. 
650 0 |a Junior high schools  |v Periodicals. 
650 0 |a Education, Secondary  |v Periodicals. 
650 7 |a Education.  |2 fast  |0 (OCoLC)fst00902499 
650 7 |a Education, Secondary.  |2 fast  |0 (OCoLC)fst00903252 
650 7 |a Junior high schools.  |2 fast  |0 (OCoLC)fst00984958 
655 0 |a Electronic journals. 
776 0 8 |i Print version:  |t Clearing house (Menasha, Wis.)  |x 0009-8655  |w (DLC)sn 84003641  |w (OCoLC)4220688 
780 0 0 |t Junior-senior high school clearing house  |w (DLC) 2010234740  |w (OCoLC)503368241 
850 |a DLC 
856 4 0 |z Full text available from Research Library: 11/01/1991 to 11/30/2010  |u https://search.proquest.com/publication/42171